000 00817nam a2200289Ia 4500
001 dia_5895
003 CHAP
005 20251023151445.0
008 220117s[193 xx 000 0 und d
010 _a177020
020 _a978-1-40679-803-6
040 _cCHAP
082 _a638.1 M33 [1936?]
100 _aMacfie, D. T.
_9159958
245 _aPractical bee keeping and honey production /
_c D. T. Macfie
260 _aReino Unido :
_b W. H. y L. Collingridge LTD.,
_c[193
300 _a124 p.
590 _aSF523 M33 [1936?]
650 _aApicultura
_96241
650 _aApiculture
_9147737
650 _aHoney
_9158819
650 _aMiel
_9140677
901 _a638.1 M33 [1936?]
902 _aM
905 _a523227[1936?] -ukda 8222123322eng16
942 _cLIBRO
_2ddc
999 _c177020
_d177020